Statistiques concernant Les grand prix de formule 1, saison 2019

Cliquez ici pour prendre le quiz!

Statistiques générales

  • Ce quiz a été pris 218 fois
  • Le résultat moyen est 13 sur 21

Statistiques - réponses

PaysVille hôte% Correct
MonacoMonaco
95%
AustralieMelbourne
89%
EspagneBarcelone
84%
ItalieMonza
81%
AzerbaidjanBakou
76%
Grand-BretagneSilverstone
73%
MexiqueMexico
72%
SingapourSingapour
71%
HongrieBudapest
70%
CanadaMontréal
70%
BrésilInterlagos/Sao Paulo
63%
ChineShanghaï
63%
FranceLe Castellet
61%
BelgiqueSpa-Francorchamps
57%
Abu DhabiAbu Dhabi
55%
États-UnisAustin
53%
JaponSuzuka
52%
AutricheSpielberg
47%
AllemagneHockenheim
39%
BahreinSakhir
39%
RussieAdler
1%

Distribution des résultats

Percentile par nombre de réponses

% des personnes avec chaque résultat

Votre développement - résultats

Vous n’avez pas pris ce quiz